[Event "3rd ch-GER Internet Blitz Candidates"]
[Site "playchess INT"]
[Date "2005.04.02"]
[Round "10"]
[White "Koepke, C."]
[Black "Lentrodt, T."]
[Result "1/2-1/2"]
[WhiteElo "2226"]
[BlackElo "2292"]
[PlyCount "123"]
[EventDate "2005.04.02"]
[EventType "swiss (blitz)"]
[EventRounds "15"]
[Source "Mark Crowther"]
[SourceDate "2005.04.04"]

1. d4 f5 2. Nf3 Nf6 3. g3 g6 4. Bg2 Bg7 5. O-O O-O 6. c4 d6 7. Nc3 Qe8 8. d5 a5
9. Be3 Na6 10. Qc1 e5 11. dxe6 Bxe6 12. b3 Ne4 13. Bd4 Nxc3 14. Qxc3 Bxd4 15.
Nxd4 c6 16. Rad1 Nc5 17. e3 Qe7 18. Nxe6 Qxe6 19. Rd4 Rf6 20. Rfd1 Qe5 21. Qd2
Kf7 22. Rxd6 Rxd6 23. Qxd6 Qxd6 24. Rxd6 Ke7 25. Rd1 Ra6 26. Kf1 Rb6 27. Rb1
Rb4 28. Ke2 a4 29. Kd2 axb3 30. axb3 Rxb3 31. Rxb3 Nxb3+ 32. Kc3 Nc5 33. Kd4
Kd6 34. f3 Ne6+ 35. Kc3 Kc5 36. Bf1 Nf8 37. Bd3 Nd7 38. g4 fxg4 39. fxg4 Ne5
40. Be2 g5 41. h3 h6 42. Bf1 b5 43. cxb5 cxb5 44. Be2 b4+ 45. Kb3 Nc6 46. Bd3
Na5+ 47. Kc2 Kd5 48. Kb2 Kc5 49. Kc2 Nc4 50. e4 Kd4 51. Be2 Nd6 52. Kb3 Kxe4
53. Kxb4 Ke3 54. Bd1 Kf2 55. Kc5 Ne4+ 56. Kd4 Nd2 57. Ke5 Kg3 58. Kf6 Kxh3 59.
Kg6 Nf1 60. Kxh6 Ne3 61. Kxg5 Nxg4 62. Bxg4+ 1/2-1/2

[Event "3rd ch-GER Internet Blitz Candidates"]
[Site "playchess INT"]
[Date "2005.04.02"]
[Round "10"]
[White "Heinzel, O."]
[Black "Zwahr, P."]
[Result "0-1"]
[WhiteElo "2402"]
[BlackElo "2104"]
[PlyCount "106"]
[EventDate "2005.04.02"]
[EventType "swiss (blitz)"]
[EventRounds "15"]
[Source "Mark Crowther"]
[SourceDate "2005.04.04"]

1. d4 Nf6 2. Nf3 g6 3. Bf4 Bg7 4. h3 d6 5. e3 O-O 6. Be2 Nc6 7. O-O Bf5 8. a4
Re8 9. Bh2 e5 10. c3 h5 11. a5 a6 12. Qb3 Rb8 13. Nbd2 Ne4 14. Rfd1 Nxd2 15.
Nxd2 exd4 16. cxd4 Nxd4 17. Qc4 Nxe2+ 18. Qxe2 Bxb2 19. Ra2 Bg7 20. Nf3 Qd7 21.
Nd4 Be4 22. Qc4 c6 23. Rad2 d5 24. Qb3 Be5 25. f3 Bxh2+ 26. Kxh2 Bf5 27. Nxf5
Qxf5 28. Rd3 Re7 29. e4 dxe4 30. fxe4 Qxe4 31. Rf3 Qe5+ 32. Kh1 Qxa5 33. Rdf1
Rf8 34. Rf6 Qg5 35. Qb4 c5 36. Qb6 Kg7 37. Qd6 Rfe8 38. Qb6 Kh6 39. Qa5 c4 40.
Qb4 b5 41. Rxf7 Rxf7 42. Rxf7 Qe5 43. Rf1 Qe2 44. Ra1 Qd3 45. Rxa6 Qf1+ 46. Kh2
Re1 47. Qd2+ Kg7 48. Qd4+ Kf8 49. Qd6+ Re7 50. Qxg6 Qf7 51. Qh6+ Qg7 52. Ra8+
Kf7 53. Qxh5+ Qg6 0-1

[Event "3rd ch-GER Internet Blitz Candidates"]
[Site "playchess INT"]
[Date "2005.04.02"]
[Round "10"]
[White "Heimann, A."]
[Black "Ottmann, M."]
[Result "0-1"]
[WhiteElo "2095"]
[BlackElo "2142"]
[PlyCount "128"]
[EventDate "2005.04.02"]
[EventType "swiss (blitz)"]
[EventRounds "15"]
[Source "Mark Crowther"]
[SourceDate "2005.04.04"]

1. e4 e5 2. Nf3 Nf6 3. Nxe5 d6 4. Nxf7 Kxf7 5. Nc3 Be6 6. d4 Be7 7. Bd3 Rf8 8.
O-O Kg8 9. f4 c5 10. d5 Bf7 11. g4 Nbd7 12. g5 Bh5 13. Qe1 Ne8 14. Qh4 g6 15.
Be3 a6 16. a4 Qc7 17. Bc4 Nb6 18. Ba2 Qd7 19. a5 Nc8 20. f5 Bd8 21. Bc4 b5 22.
axb6 Nxb6 23. Bxa6 Nc7 24. fxg6 Bxg6 25. Rxf8+ Kxf8 26. Rf1+ Kg8 27. Be2 Qg7
28. Qg3 Be7 29. h4 Rf8 30. Rxf8+ Qxf8 31. h5 Be8 32. Bf4 Nd7 33. Bg4 Nb6 34.
Bf5 Nc4 35. b3 Na3 36. Qg2 Bxh5 37. g6 hxg6 38. Bxg6 Bxg6 39. Qxg6+ Qg7 40.
Qxg7+ Kxg7 41. e5 Ne8 42. exd6 Nxd6 43. Bxd6 Bxd6 44. Ne4 Bb8 45. d6 Nxc2 46.
Nxc5 Bxd6 47. Ne4 Be5 48. Nd2 Kf6 49. Nc4 Bc7 50. Kf2 Ke6 51. Ke2 Kd5 52. Kd3
Nb4+ 53. Kc3 Na6 54. b4 Bd8 55. b5 Nc5 56. b6 Nd7 57. b7 Bc7 58. Na5 Bxa5+ 59.
Kb3 Kc6 60. Ka4 Bc7 61. b8=Q Bxb8 62. Kb3 Be5 63. Kc4 Kd6 64. Kd3 Kd5 0-1

[Event "3rd ch-GER Internet Blitz Candidates"]
[Site "playchess INT"]
[Date "2005.04.02"]
[Round "11"]
[White "Ottmann, M."]
[Black "Schoeneberg, M."]
[Result "0-1"]
[WhiteElo "2142"]
[BlackElo "2326"]
[PlyCount "34"]
[EventDate "2005.04.02"]
[EventType "swiss (blitz)"]
[EventRounds "15"]
[Source "Mark Crowther"]
[SourceDate "2005.04.04"]

1. d4 Nf6 2. Nf3 d6 3. Bg5 c6 4. Nbd2 Nbd7 5. e4 e5 6. dxe5 dxe5 7. Bd3 Be7 8.
O-O h6 9. Bh4 O-O 10. c3 Nh5 11. Bxe7 Qxe7 12. g3 Nc5 13. Bc2 Bh3 14. Re1 Rad8
15. b4 Ne6 16. Qe2 Bg4 17. Red1 Ng5 0-1

[Event "3rd ch-GER Internet Blitz Candidates"]
[Site "playchess INT"]
[Date "2005.04.02"]
[Round "11"]
[White "Brener, I."]
[Black "Berelovich, A."]
[Result "1-0"]
[WhiteElo "2321"]
[BlackElo "2542"]
[PlyCount "53"]
[EventDate "2005.04.02"]
[EventType "swiss (blitz)"]
[EventRounds "15"]
[Source "Mark Crowther"]
[SourceDate "2005.04.04"]

1. e4 e6 2. d4 d5 3. Nc3 dxe4 4. Nxe4 Bd7 5. Nf3 Bc6 6. Bd3 Nd7 7. O-O Be7 8.
Qe2 Ngf6 9. Ng3 Bxf3 10. Qxf3 c6 11. c4 O-O 12. Be3 Qa5 13. b3 Rac8 14. Rfd1 b5
15. Ne4 bxc4 16. bxc4 c5 17. Nxf6+ Nxf6 18. d5 exd5 19. cxd5 c4 20. Bc2 Rfd8
21. Bg5 Rxd5 22. Rxd5 Qxd5 23. Qh3 Qe6 24. Bf5 Qe5 25. Bxf6 Bxf6 26. Bxh7+ Kh8
27. Bg6+ 1-0

[Event "3rd ch-GER Internet Blitz Candidates"]
[Site "playchess INT"]
[Date "2005.04.02"]
[Round "11"]
[White "Wornath, K."]
[Black "Zwahr, P."]
[Result "1-0"]
[WhiteElo "2388"]
[BlackElo "2104"]
[PlyCount "71"]
[EventDate "2005.04.02"]
[EventType "swiss (blitz)"]
[EventRounds "15"]
[Source "Mark Crowther"]
[SourceDate "2005.04.04"]

1. d4 Nf6 2. c4 g6 3. Nc3 Bg7 4. e4 d6 5. f3 O-O 6. Be3 c6 7. Bd3 a6 8. Nge2
Nbd7 9. Qd2 e5 10. d5 Rb8 11. O-O c5 12. h3 Ne8 13. a3 Nc7 14. b4 b5 15. bxc5
Nxc5 16. cxb5 Nxd3 17. Qxd3 Nxb5 18. Nxb5 Rxb5 19. Nc3 Rb3 20. Rfb1 Rxb1+ 21.
Rxb1 f5 22. Qc4 f4 23. Bf2 Qg5 24. Kh2 Qe7 25. Rb8 Bd7 26. Rxf8+ Bxf8 27. Qxa6
Bh6 28. Qb7 Qe8 29. a4 Bxa4 30. Nxa4 Qxa4 31. Qb8+ Bf8 32. Qc8 Qa5 33. Qe6+ Kg7
34. Bh4 Qc7 35. Bf6+ Kh6 36. Qg4 1-0

[Event "3rd ch-GER Internet Blitz Candidates"]
[Site "playchess INT"]
[Date "2005.04.02"]
[Round "11"]
[White "Lentrodt, T."]
[Black "Schmidt, Ha"]
[Result "1-0"]
[WhiteElo "2292"]
[BlackElo "2368"]
[PlyCount "57"]
[EventDate "2005.04.02"]
[EventType "swiss (blitz)"]
[EventRounds "15"]
[Source "Mark Crowther"]
[SourceDate "2005.04.04"]

1. d4 f5 2. c4 Nf6 3. Nf3 g6 4. g3 Bg7 5. Bg2 O-O 6. O-O d6 7. Nc3 a5 8. d5 Na6
9. Nd4 Nc5 10. Rb1 Bd7 11. b3 Qe8 12. Bb2 c6 13. a3 e5 14. dxe6 Nxe6 15. Nxe6
Qxe6 16. Qd3 Rfd8 17. Rfd1 Be8 18. Rd2 Bf7 19. a4 Ne8 20. Rbd1 Nc7 21. e4 fxe4
22. Nxe4 Na6 23. Bxg7 Kxg7 24. Qc3+ Kf8 25. Rxd6 Rxd6 26. Rxd6 Qf5 27. Qh8+ Ke7
28. Qxa8 Nc5 29. Qd8# 1-0

[Event "3rd ch-GER Internet Blitz Candidates"]
[Site "playchess INT"]
[Date "2005.04.02"]
[Round "11"]
[White "Buchenau, F."]
[Black "Reich, T."]
[Result "1-0"]
[WhiteElo "2345"]
[BlackElo "2406"]
[PlyCount "85"]
[EventDate "2005.04.02"]
[EventType "swiss (blitz)"]
[EventRounds "15"]
[Source "Mark Crowther"]
[SourceDate "2005.04.04"]

1. e4 c5 2. g3 g6 3. Bg2 Bg7 4. Ne2 Nc6 5. c3 d6 6. O-O Bg4 7. f3 Bd7 8. d4
cxd4 9. cxd4 Qb6 10. Be3 Qxb2 11. Nbc3 Qb6 12. Rb1 Qc7 13. Nd5 Qc8 14. Qb3 Rb8
15. Rfc1 Nf6 16. Nxf6+ exf6 17. d5 O-O 18. dxc6 bxc6 19. Qxb8 Qxb8 20. Rxb8
Rxb8 21. Nc3 f5 22. Rb1 Re8 23. Rb7 Bc8 24. Rb3 fxe4 25. Nxe4 d5 26. Nd6 Rxe3
27. Rxe3 Bd4 28. Kf2 Ba6 29. f4 Kf8 30. Bh3 f5 31. Bxf5 Bxe3+ 32. Kxe3 Ke7 33.
Nc8+ Kd8 34. Nxa7 gxf5 35. Nxc6+ Ke8 36. Kd4 Bc4 37. a4 Bb3 38. a5 Kd7 39. Nb4
Kd6 40. a6 Kc7 41. Nxd5+ Kb8 42. Nb4 Ka7 43. Ke5 1-0

[Event "3rd ch-GER Internet Blitz Candidates"]
[Site "playchess INT"]
[Date "2005.04.02"]
[Round "11"]
[White "Rachut, S."]
[Black "Hoffmann, L."]
[Result "0-1"]
[WhiteElo "2068"]
[BlackElo "2157"]
[PlyCount "68"]
[EventDate "2005.04.02"]
[EventType "swiss (blitz)"]
[EventRounds "15"]
[Source "Mark Crowther"]
[SourceDate "2005.04.04"]

1. e4 c5 2. Nf3 e6 3. d4 cxd4 4. Nxd4 Nf6 5. Bd3 Nc6 6. Nxc6 bxc6 7. O-O d5 8.
exd5 cxd5 9. Bg5 Be7 10. c4 O-O 11. cxd5 Nxd5 12. Qh5 g6 13. Bxe7 Qxe7 14. Qh6
Bb7 15. Na3 Rfd8 16. Rad1 Qf6 17. Be4 Rab8 18. Nc4 Ba6 19. b3 Bxc4 20. bxc4 Nc3
21. Rde1 Rb2 22. Qe3 Nxe4 23. Qxe4 Rdd2 24. Qe3 Rxa2 25. Rb1 Rdc2 26. Rbc1 Re2
27. Qc5 Re5 28. Qd4 Qf5 29. Qd8+ Kg7 30. Qd4 Qe4 31. Qd7 Rc5 32. Rc3 e5 33. Rf3
Qxc4 34. h4 Qxf1+ 0-1

[Event "3rd ch-GER Internet Blitz Candidates"]
[Site "playchess INT"]
[Date "2005.04.02"]
[Round "11"]
[White "Buchenthal, D."]
[Black "Koepke, C."]
[Result "1/2-1/2"]
[WhiteElo "2258"]
[BlackElo "2226"]
[PlyCount "70"]
[EventDate "2005.04.02"]
[EventType "swiss (blitz)"]
[EventRounds "15"]
[Source "Mark Crowther"]
[SourceDate "2005.04.04"]

1. e4 c5 2. Nf3 b6 3. d4 cxd4 4. Nxd4 Bb7 5. Nc3 a6 6. Bd3 g6 7. O-O Bg7 8. Be3
Nc6 9. Nxc6 Bxc6 10. f4 d6 11. Qd2 Nf6 12. h3 O-O 13. a4 Nd7 14. f5 Ne5 15. Bh6
Bb7 16. Bxg7 Kxg7 17. Rf2 Rc8 18. Raf1 Qc7 19. g4 Qc5 20. Kh2 b5 21. axb5 axb5
22. Ne2 b4 23. Ng3 Qd4 24. b3 d5 25. exd5 Qxd5 26. Qf4 Nxd3 27. cxd3 Qxd3 28.
Qxb4 Bd5 29. Qxe7 Rc3 30. Nh5+ gxh5 31. Qg5+ Kh8 32. Qf6+ Kg8 33. Qg5+ Kh8 34.
Qf6+ Kg8 35. Qg5+ Kh8 1/2-1/2

[Event "3rd ch-GER Internet Blitz Candidates"]
[Site "playchess INT"]
[Date "2005.04.02"]
[Round "11"]
[White "Gaede, D."]
[Black "Boettcher, C."]
[Result "1/2-1/2"]
[WhiteElo "2194"]
[BlackElo "2166"]
[PlyCount "112"]
[EventDate "2005.04.02"]
[EventType "swiss (blitz)"]
[EventRounds "15"]
[Source "Mark Crowther"]
[SourceDate "2005.04.04"]

1. d4 d6 2. c4 Nd7 3. Nc3 g6 4. e4 Bg7 5. f3 e5 6. d5 Ne7 7. Bd3 f5 8. exf5
Nxf5 9. Nge2 O-O 10. O-O Nf6 11. Ng3 Qe7 12. Nge4 h6 13. Bd2 Kh7 14. Nxf6+ Bxf6
15. Ne4 Bg7 16. Qc2 Nd4 17. Qc3 a5 18. Be3 Nf5 19. Qd2 b6 20. b3 Bd7 21. a3
Nxe3 22. Qxe3 Bf5 23. Ng3 Bxd3 24. Qxd3 e4 25. Rae1 exd3 26. Rxe7 Rac8 27. Rd1
Rfe8 28. Rxe8 Rxe8 29. Ne4 Bb2 30. a4 Bd4+ 31. Kf1 Kg7 32. Rxd3 Be5 33. g3 g5
34. Kg2 Kg6 35. h3 h5 36. h4 g4 37. f4 Bxf4 38. Nc3 Bh6 39. Kf2 Bg7 40. Nb5 Re7
41. Re3 Be5 42. Ke2 Rf7 43. Kd3 Kf6 44. Ke4 Kg7 45. Rd3 Kf8 46. Re3 Ke7 47. Rd3
Kd7 48. Nd4 Bxd4 49. Kxd4 Re7 50. Re3 Rf7 51. Ke4 Ke7 52. Kd4+ Kd7 53. Kd3 Rf5
54. Ke4 Rf7 55. Kd3 Rf5 56. Kd4 Rf7 1/2-1/2

[Event "3rd ch-GER Internet Blitz Candidates"]
[Site "playchess INT"]
[Date "2005.04.02"]
[Round "11"]
[White "Junge, Ka"]
[Black "Peschlow, P."]
[Result "0-1"]
[WhiteElo "2256"]
[BlackElo "2318"]
[PlyCount "56"]
[EventDate "2005.04.02"]
[EventType "swiss (blitz)"]
[EventRounds "15"]
[Source "Mark Crowther"]
[SourceDate "2005.04.04"]

1. Nf3 Nf6 2. g3 g6 3. Bg2 Bg7 4. O-O d5 5. d4 O-O 6. Nbd2 a5 7. c4 dxc4 8.
Nxc4 Nc6 9. e3 Be6 10. Qe2 Bd5 11. Rd1 Qc8 12. Bd2 Qe6 13. Rac1 h6 14. b3 a4
15. b4 Rac8 16. a3 Rfd8 17. Nce5 Nxe5 18. Nxe5 Bxg2 19. Kxg2 Ne4 20. Nd3 c6 21.
Nc5 Nxc5 22. Rxc5 Rd5 23. Rdc1 Rxc5 24. Rxc5 Bxd4 25. Ra5 Bb6 26. Rxa4 Qb3 27.
Qg4 Rd8 28. b5 Qd5+ 0-1

[Event "3rd ch-GER Internet Blitz Candidates"]
[Site "playchess INT"]
[Date "2005.04.02"]
[Round "11"]
[White "Seel, C."]
[Black "Margoline, B."]
[Result "0-1"]
[WhiteElo "2477"]
[BlackElo "2427"]
[PlyCount "94"]
[EventDate "2005.04.02"]
[EventType "swiss (blitz)"]
[EventRounds "15"]
[Source "Mark Crowther"]
[SourceDate "2005.04.04"]

1. Nf3 Nf6 2. c4 d6 3. Nc3 Nbd7 4. d4 c6 5. e4 e5 6. Be2 Be7 7. O-O O-O 8. h3
a6 9. Bg5 h6 10. Be3 b5 11. d5 cxd5 12. Nxd5 Nxd5 13. Qxd5 Rb8 14. cxb5 Nf6 15.
Qb3 axb5 16. Nd2 Be6 17. Qd1 d5 18. exd5 Nxd5 19. Nb3 Nxe3 20. fxe3 Qb6 21. Kh1
Qxe3 22. Rf3 Qb6 23. Rc3 b4 24. Rg3 Rfd8 25. Qf1 Bh4 26. Rd3 e4 27. Rdd1 Bg3
28. Bc4 Rbc8 29. Bxe6 Qxe6 30. Qe2 f5 31. Nd4 Qf6 32. Nb3 Be5 33. Rxd8+ Rxd8
34. Qc4+ Kh8 35. Qxb4 Qg5 36. Qb6 Kh7 37. Qf2 f4 38. Qc2 Qg6 39. Qc5 Bd6 40.
Qc4 Re8 41. Rf1 f3 42. gxf3 Qg3 43. Qe2 Qxh3+ 44. Kg1 Re6 45. Rf2 Rg6+ 46. Rg2
exf3 47. Qe3 Qxg2# 0-1

[Event "3rd ch-GER Internet Blitz Candidates"]
[Site "playchess INT"]
[Date "2005.04.02"]
[Round "11"]
[White "Renner, Christo"]
[Black "Buscher, M."]
[Result "0-1"]
[WhiteElo "2398"]
[BlackElo "2305"]
[PlyCount "146"]
[EventDate "2005.04.02"]
[EventType "swiss (blitz)"]
[EventRounds "15"]
[Source "Mark Crowther"]
[SourceDate "2005.04.04"]

1. e4 c5 2. d3 Nc6 3. g3 g6 4. Bg2 Bg7 5. Nc3 e6 6. Be3 d6 7. Qd2 Qa5 8. Nf3
Nd4 9. O-O Ne7 10. a3 Qc7 11. Bxd4 cxd4 12. Nb5 Qc5 13. Qb4 Kd7 14. Nbxd4 a5
15. Qa4+ Kd8 16. c3 Bd7 17. Qc2 a4 18. Ne2 Nc6 19. Rac1 Ke7 20. Rfd1 Na5 21. d4
Qc4 22. Bf1 Nb3 23. Rb1 Qc7 24. h4 Rhc8 25. Qd3 b5 26. Qe3 h6 27. h5 g5 28. Nh2
Na5 29. Re1 Nc4 30. Qc1 Bc6 31. Bg2 Kf8 32. Qc2 Qb7 33. Rbd1 Kg8 34. g4 Rf8 35.
Ng3 Rae8 36. Nhf1 f5 37. d5 exd5 38. exd5 Bd7 39. Nxf5 Bxf5 40. gxf5 Be5 41.
Ng3 Bxg3 42. fxg3 Ne3 43. Qd3 Nxd1 44. Rxd1 Qb6+ 45. Kh1 Re3 46. Qc2 Qd8 47.
Rf1 Qf6 48. g4 Rfe8 49. Rf2 Re1+ 50. Bf1 R8e3 51. Kg1 Ra1 52. Qd2 Ree1 53. Qd4
Qxd4 54. cxd4 Kf7 55. f6 Re4 56. Kh2 Rxg4 57. Bxb5 Rf4 58. Rxf4 gxf4 59. Bxa4
Kxf6 60. Kg2 Kg5 61. Bc6 Rb1 62. b4 Rb3 63. b5 Rxa3 64. b6 Rb3 65. b7 Rb2+ 66.
Kf3 Rb3+ 67. Kf2 f3 68. Be8 Kf4 69. Bc6 Rb2+ 70. Ke1 Ke3 71. Kd1 f2 72. Kc1 Rb6
73. Kc2 f1=Q 0-1

[Event "3rd ch-GER Internet Blitz Candidates"]
[Site "playchess INT"]
[Date "2005.04.02"]
[Round "11"]
[White "Womacka, M."]
[Black "Zimmermann, J."]
[Result "1-0"]
[WhiteElo "2436"]
[BlackElo "2335"]
[PlyCount "85"]
[EventDate "2005.04.02"]
[EventType "swiss (blitz)"]
[EventRounds "15"]
[Source "Mark Crowther"]
[SourceDate "2005.04.04"]

1. e4 c5 2. Nf3 d6 3. d4 cxd4 4. Nxd4 Nf6 5. Nc3 a6 6. Be2 e5 7. Nb3 Be7 8. O-O
O-O 9. Kh1 b6 10. a4 Bb7 11. f3 Nbd7 12. Be3 Rc8 13. Rf2 Nc5 14. Bf1 Nxb3 15.
cxb3 Nh5 16. Rd2 Rc6 17. b4 Bg5 18. Bxg5 Qxg5 19. b5 axb5 20. Bxb5 Rc7 21. Rxd6
Nf4 22. Qd2 f5 23. Re1 Rf6 24. Rd8+ Kf7 25. Rd7+ Rxd7 26. Qxd7+ Kg6 27. g3 Qh5
28. Qd1 Nh3 29. Be8+ Rf7 30. Bxf7+ Kxf7 31. Qd7+ Kg8 32. Qe6+ Kh8 33. Kg2 Ng5
34. Qxf5 h6 35. Nd5 Qe8 36. Nxb6 Qd8 37. Nd5 Qe8 38. f4 Bc8 39. Qxe5 Qc6 40.
fxg5 Qc2+ 41. Kg1 Bh3 42. Qe8+ Kh7 43. g6# 1-0

[Event "3rd ch-GER Internet Blitz Candidates"]
[Site "playchess INT"]
[Date "2005.04.02"]
[Round "11"]
[White "Kopylov, M."]
[Black "Feuerstack, A."]
[Result "0-1"]
[WhiteElo "2430"]
[BlackElo "2224"]
[PlyCount "94"]
[EventDate "2005.04.02"]
[EventType "swiss (blitz)"]
[EventRounds "15"]
[Source "Mark Crowther"]
[SourceDate "2005.04.04"]

1. d4 Nf6 2. c4 c5 3. d5 b5 4. cxb5 a6 5. bxa6 g6 6. Nc3 Bxa6 7. f4 Bg7 8. Nf3
d6 9. e4 Bxf1 10. Rxf1 O-O 11. e5 Nfd7 12. e6 fxe6 13. Ng5 Qa5 14. Bd2 exd5 15.
Nxd5 Qa4 16. Qg4 Bxb2 17. Nxe7+ Kh8 18. Qh3 Nf6 19. Nxg6+ Kg7 20. Nxf8 Kxf8 21.
Rb1 Qxa2 22. Qh6+ Kg8 23. Rd1 Nbd7 24. Rf3 Qc4 25. Rg3 Re8+ 26. Ne6+ Kf7 27. f5
Qe4+ 28. Kf1 Qxf5+ 29. Kg1 Kxe6 30. Re1+ Ne5 31. Rf3 Bd4+ 32. Kh1 Qg6 33. Qh3+
Qg4 34. Rg3 Qxh3 35. Rxh3 c4 36. Rh6 Rc8 37. Bg5 Rf8 38. Rf1 Neg4 39. Rh4 c3
40. Bxf6 Rxf6 41. Rxf6+ Bxf6 42. Rxg4 c2 43. Rc4 d5 44. Rxc2 d4 45. Rd2 Kd5 46.
g3 Ke4 47. Kg2 Ke3 0-1

[Event "3rd ch-GER Internet Blitz Candidates"]
[Site "playchess INT"]
[Date "2005.04.02"]
[Round "11"]
[White "Rodewis, T."]
[Black "Zumsande, M."]
[Result "0-1"]
[WhiteElo "2364"]
[BlackElo "2381"]
[PlyCount "174"]
[EventDate "2005.04.02"]
[EventType "swiss (blitz)"]
[EventRounds "15"]
[Source "Mark Crowther"]
[SourceDate "2005.04.04"]

1. d4 e6 2. c4 d5 3. Nc3 Be7 4. Nf3 Nf6 5. Bg5 h6 6. Bh4 O-O 7. e3 b6 8. cxd5
Nxd5 9. Bxe7 Qxe7 10. Nxd5 exd5 11. Be2 Be6 12. O-O c5 13. dxc5 bxc5 14. Qa4
Qb7 15. Qa3 Nd7 16. b3 a5 17. Ne1 Qb4 18. Qc1 a4 19. Nd3 Qb6 20. Qc3 Rfb8 21.
bxa4 Rxa4 22. Rfc1 d4 23. exd4 cxd4 24. Qd2 Rba8 25. Rc2 Rxa2 26. Rcxa2 Rxa2
27. Rxa2 Qb1+ 28. Nc1 Bxa2 29. Bf1 Be6 30. h3 Nf6 31. Bd3 Qa1 32. Kh2 Qa7 33.
Ne2 Nd5 34. Qb2 Nc3 35. g3 Nd1 36. Qxd4 Qxd4 37. Nxd4 Nxf2 38. Bc2 Bxh3 39. Nc6
Be6 40. Nd4 Bd7 41. Kg2 Ng4 42. Kf3 Nf6 43. Kf2 g6 44. Bd3 Kg7 45. Be2 Nd5 46.
Bf3 Nf6 47. Ne2 Ne8 48. Nf4 Nd6 49. Nd3 Bf5 50. Nc5 Kf6 51. Ke3 Ke5 52. g4 Be6
53. Nd3+ Kf6 54. Kf4 g5+ 55. Kg3 Nc4 56. Nc5 Ne5 57. Be2 Bd5 58. Na4 Kg6 59.
Nc3 Be6 60. Nb5 f5 61. gxf5+ Bxf5 62. Nd4 Bd7 63. Bd1 h5 64. Bc2+ Kf6 65. Nb3
h4+ 66. Kf2 Ng6 67. Nc5 Nf4 68. Nxd7+ Ke6 69. Nc5+ Kd5 70. Ne4 Kd4 71. Nxg5 h3
72. Kg3 Nd3 73. Kxh3 Ne1 74. Bf5 Nd3 75. Kg4 Ne5+ 76. Kh5 Nc4 77. Nf3+ Kc5 78.
Ng5 Nd6 79. Bg6 Nc4 80. Nf7 Nb6 81. Ne5 Kd4 82. Nc6+ Kc5 83. Bf7 Na4 84. Bg8
Kb6 85. Bf7 Kc7 86. Nd8 Kxd8 87. Bg8 Kd7 0-1

[Event "3rd ch-GER Internet Blitz Candidates"]
[Site "playchess INT"]
[Date "2005.04.02"]
[Round "11"]
[White "Kostic, Vl"]
[Black "Haba, P."]
[Result "0-1"]
[WhiteElo "2439"]
[BlackElo "2525"]
[PlyCount "164"]
[EventDate "2005.04.02"]
[EventType "swiss (blitz)"]
[EventRounds "15"]
[Source "Mark Crowther"]
[SourceDate "2005.04.04"]

1. e4 e5 2. Nf3 Nc6 3. Bc4 Nf6 4. d3 Be7 5. O-O O-O 6. Nc3 d6 7. a3 h6 8. h3
Be6 9. Be3 d5 10. exd5 Nxd5 11. Nxd5 Bxd5 12. Nd2 Bxc4 13. Nxc4 Bf6 14. Qf3 Re8
15. Rad1 Re6 16. b4 a6 17. Nd2 Be7 18. Ne4 Qd7 19. c3 Rf8 20. g4 b6 21. Kh1 Rg6
22. Ng3 Bg5 23. Nf5 Ne7 24. Rg1 Rf6 25. Nxe7+ Qxe7 26. Qe4 Re6 27. Rde1 Rd8 28.
Re2 Bxe3 29. Rxe3 Qf6 30. Rf3 Qg6 31. Rf5 f6 32. Rg3 Qf7 33. Kg2 Red6 34. Rff3
Qd5 35. Qf5 Qe6 36. Qe4 Qd5 37. Qxd5+ Rxd5 38. Kf1 a5 39. Re3 axb4 40. axb4 Ra8
41. c4 Rd4 42. Re4 Ra1+ 43. Ke2 Ra2+ 44. Ke3 Rd6 45. b5 Rd8 46. h4 Ra1 47. Ke2
Rda8 48. Rge3 R8a2+ 49. Kf3 Rh1 50. h5 Rh2 51. Re2 Rh3+ 52. Kg2 Rxe2 53. Kxh3
Rxf2 54. d4 exd4 55. Rxd4 Rc2 56. Kg3 Kf8 57. Kf4 Rf2+ 58. Kg3 Rc2 59. Kf4 Re2
60. Rd7 Re7 61. Rd8+ Kf7 62. Kf3 f5 63. gxf5 Kf6 64. Kf4 Rf7 65. Rd5 Re7 66.
Kf3 Re5 67. Kf4 Re1 68. Rd7 Rf1+ 69. Ke4 Re1+ 70. Kd4 Rd1+ 71. Ke3 Rxd7 72. Ke4
Re7+ 73. Kf4 Re5 74. Kf3 Rxf5+ 75. Ke4 Kg5 76. Kd4 Rc5 77. Kd3 Kxh5 78. Kd4 Kg4
79. Kd3 h5 80. Kd4 h4 81. Kd3 h3 82. Kd4 h2 0-1

[Event "3rd ch-GER Internet Blitz Candidates"]
[Site "playchess INT"]
[Date "2005.04.02"]
[Round "11"]
[White "Schunk, T1."]
[Black "Heimann, A."]
[Result "1/2-1/2"]
[WhiteElo "2280"]
[BlackElo "2095"]
[PlyCount "203"]
[EventDate "2005.04.02"]
[EventType "swiss (blitz)"]
[EventRounds "15"]
[Source "Mark Crowther"]
[SourceDate "2005.04.04"]

1. e4 e5 2. Nc3 Nf6 3. f4 d5 4. fxe5 Nxe4 5. Nf3 Bc5 6. Qe2 Bf2+ 7. Kd1 Bb6 8.
d4 Nxc3+ 9. bxc3 O-O 10. h3 f6 11. Bf4 fxe5 12. Bxe5 Nc6 13. Qd3 Bf5 14. Qd2
Be4 15. Be2 Nxe5 16. dxe5 Qe7 17. Re1 Rad8 18. Kc1 Qa3+ 19. Kd1 Kh8 20. Rf1 d4
21. cxd4 Bxf3 22. Rxf3 Rxf3 23. gxf3 Bxd4 24. Rb1 Qf8 25. Bd3 Qxf3+ 26. Qe2
Qh1+ 27. Qf1 Qxf1+ 28. Bxf1 Bxe5+ 29. Bd3 b6 30. Ke2 c5 31. Kf3 Bd4 32. Re1 Bf6
33. Re6 Kg8 34. Rc6 Kf8 35. Rc7 a6 36. Rc6 b5 37. Rxa6 c4 38. Be4 Rd2 39. Rb6
Rh2 40. Kg4 h5+ 41. Kxh5 Rxh3+ 42. Kg6 Rg3+ 43. Kf5 Ra3 44. Rxb5 Rxa2 45. Ke6
Ra6+ 46. Kf5 Bd4 47. Rb4 Rf6+ 48. Kg5 Be3+ 49. Kh5 c3 50. Bd3 Bd2 51. Rb7 Kg8
52. Kg4 Kf8 53. Bc4 Ke8 54. Bb3 Kf8 55. Kg3 Rf4 56. Rb8+ Ke7 57. Rg8 Kf6 58.
Rf8+ Kg5 59. Rc8 Kg6 60. Rc6+ Kh5 61. Rc8 g5 62. Rh8+ Kg6 63. Rg8+ Kf5 64. Rf8+
Ke4 65. Re8+ Kd4 66. Rc8 Ke3 67. Re8+ Re4 68. Rg8 g4 69. Rxg4 Rxg4+ 70. Kxg4
Be1 71. Kf5 Kd2 72. Ke6 Kc1 73. Kd5 Kb2 74. Kc4 Bf2 75. Kd3 Be1 76. Ke4 Bd2 77.
Kd3 Bc1 78. Ke2 Bd2 79. Kf3 Bc1 80. Kg4 Bd2 81. Kh5 Bc1 82. Kg6 Bd2 83. Kf7 Bc1
84. Ke6 Bd2 85. Kf5 Bc1 86. Ke6 Bd2 87. Kd7 Bc1 88. Kc8 Bd2 89. Kb7 Bc1 90. Kc6
Bd2 91. Kb5 Bc1 92. Ka6 Bd2 93. Kb7 Bc1 94. Kc6 Bd2 95. Kd5 Bc1 96. Ke4 Bd2 97.
Kd3 Bc1 98. Ke2 Bd2 99. Kf3 Bc1 100. Kg4 Bd2 101. Kf5 Bc1 102. Ke6 1/2-1/2

[Event "3rd ch-GER Internet Blitz Candidates"]
[Site "playchess INT"]
[Date "2005.04.02"]
[Round "12"]
[White "Fridman, D2."]
[Black "Brener, I."]
[Result "1-0"]
[WhiteElo "2569"]
[BlackElo "2321"]
[PlyCount "69"]
[EventDate "2005.04.02"]
[EventType "swiss (blitz)"]
[EventRounds "15"]
[Source "Mark Crowther"]
[SourceDate "2005.04.04"]

1. d4 Nf6 2. Nf3 g6 3. c4 Bg7 4. g3 O-O 5. Bg2 d6 6. O-O Nc6 7. Nc3 a6 8. Qd3
e5 9. dxe5 dxe5 10. Qxd8 Rxd8 11. Bg5 Be6 12. Nd2 h6 13. Bxf6 Bxf6 14. Nd5 Bxd5
15. cxd5 Ne7 16. Ne4 Bg7 17. Nc3 Nf5 18. Rac1 h5 19. Rfd1 Bh6 20. e3 h4 21. Ne4
hxg3 22. hxg3 Rac8 23. Rc3 Nd6 24. Nf6+ Kg7 25. Ng4 Re8 26. Rdc1 Re7 27. f4
exf4 28. gxf4 g5 29. f5 Nxf5 30. e4 Nd6 31. e5 Nb5 32. Rh3 Rh8 33. Kf2 Nd4 34.
Be4 Nb5 35. Rch1 1-0

[Event "3rd ch-GER Internet Blitz Candidates"]
[Site "playchess INT"]
[Date "2005.04.02"]
[Round "12"]
[White "Kopylov, M."]
[Black "Schunk, T1."]
[Result "1-0"]
[WhiteElo "2430"]
[BlackElo "2280"]
[PlyCount "59"]
[EventDate "2005.04.02"]
[EventType "swiss (blitz)"]
[EventRounds "15"]
[Source "Mark Crowther"]
[SourceDate "2005.04.04"]

1. d4 g6 2. c4 Bg7 3. Nf3 c5 4. d5 f5 5. Qc2 d6 6. Nc3 Nf6 7. g3 e5 8. dxe6
Bxe6 9. Bg2 Nc6 10. O-O O-O 11. Rd1 Bxc4 12. e4 Nb4 13. Qb1 Nxe4 14. Nxe4 fxe4
15. Qxe4 d5 16. Qe6+ Kh8 17. Ng5 Qe8 18. Qh3 h6 19. Ne6 Qd7 20. Bxh6 Bxh6 21.
Qxh6+ Kg8 22. Qxg6+ Kh8 23. Nxf8 Rxf8 24. b3 Be2 25. Rd2 Bf3 26. Bxf3 Rxf3 27.
Qh5+ Kg8 28. Qxf3 d4 29. Re1 Nd5 30. Rde2 1-0